00190nam a22000857a 4500082001500000100001400015245002800029260003900057300000800096 a621.902KIB aKibbi R R aMachine tool practices  aNew DelhibPearson Educationc2015 a800